Classification des épithéliums - Statistiques

Statistiques générales
  • Ce quiz a été pris 551 fois
  • Le résultat moyen est 8 sur 20
Statistiques - réponses
Hint Réponse % Correct
Cylindrique/Prismatique Simple Intestin
75%
Cylindrique/Prismatique Simple Estomac
71%
Pavimenteux Stratifié Épiderme
60%
Pavimenteux Simple Endothéliums
55%
Pavimenteux Stratifié Vagin/Exocol
55%
Pavimenteux Simple Mésothéliums
51%
Pavimenteux Stratifié Œsophage
48%
Cylindrique/Prismatique Simple Colon
46%
Cylindrique/Prismatique Simple Utérus
46%
Pavimenteux Simple Alvéoles pulmonaires
40%
Cylindrique/Prismatique Pseudo-stratifié Épididymes
28%
Cubique Stratifié Uretères
25%
Cylindrique/Prismatique Pseudo-stratifié Voies respiratoires
25%
Pavimenteux Stratifié Vessie Pleine
23%
Cubique Stratifié Voies urinaires
23%
Cubique Stratifié Vessie Vide
20%
Cylindrique/Prismatique Simple Tubules rénaux
18%
Cubique Simple Canaux collecteurs des reins
15%
Pavimenteux Stratifié Cavités buccales
15%
Cubique Simple Canaux excréteurs des glandes
14%
Aucun quiz correspondant
Distribution des résultats
% des personnes avec chaque résultat
Percentile par nombre de réponses
Votre historique - résultats
Vous n’avez pas pris ce quiz